Disquisitiones arithmeticae

Αποθηκεύτηκε σε:
Λεπτομέρειες βιβλιογραφικής εγγραφής
Κύριος συγγραφέας: Gauss, Carl Friedrich, 1777-1855
Μορφή: Βιβλίο
Γλώσσα:English
French
Δημοσίευση: New Haven : Yale University Press, 1966.
Θέματα:
Ετικέτες: Προσθήκη ετικέτας
Δεν υπάρχουν, Καταχωρήστε ετικέτα πρώτοι!

MARC

LEADER 00000cam a2200000 i 4500
001 1/96636
008 081105s1965 us | ||| |||| ||eng||
035 |l 10101415 
040 |a GR-MyUA  |b gre  |e AACR2 
041 1 |a eng  |h fre 
082 0 |a 512.7  |2 (22) 
100 1 |a Gauss, Carl Friedrich,   |d 1777-1855. 
245 1 0 |a Disquisitiones arithmeticae /   |c Carl Friedrich Gauss ; translated by Arthur A. Clarke.  
260 |a New Haven :   |b Yale University Press,   |c 1966.  
300 |a xx, 472 σ. ;   |c 25 εκ.  
500 |a Translated from the 2nd ed. of 1870.  
500 |a Τίτλος πρωτοτύπου: Disqvisitiones arithmeticae.  
650 0 0 |a Number theory. 
852 |a INST  |b SAMOS  |c MAG  |e 20081105  |h 512.7 GAU  |p 005300029708  |q 005300029708  |t BK  |y 0 
901 |a BIBL3-2008-3 
909 |a Σ  |b 155272 
970 |a ΡΟΥΣΣΟΥ  |b ΚΩΝΣΤΑΝΤΙΝΑ  |z 2008/11/05